Establishment of clothing business in Cardona, Rizal (Record no. 58168)

MARC details
000 -LEADER
fixed length control field 00887nam a22002177a 4500
003 - CONTROL NUMBER IDENTIFIER
control field URS
005 - DATE AND TIME OF LATEST TRANSACTION
control field 20220602092932.0
008 - FIXED-LENGTH DATA ELEMENTS--GENERAL INFORMATION
fixed length control field 220602b ||||| |||| 00| 0 eng d
100 ## - MAIN ENTRY--PERSONAL NAME
9 (RLIN) 1529
Personal name Dela Cruz, Patricia Paola E.
Relator term author
245 ## - TITLE STATEMENT
Title <a href="Establishment of clothing business in Cardona, Rizal">Establishment of clothing business in Cardona, Rizal</a>
Statement of responsibility, etc Patricia Paola E. Dela Cruz, Claire D. Ramos, Rence Ivan DJ San Juan
300 ## - PHYSICAL DESCRIPTION
Extent xiii, 82 leaves
Dimensions 28 cm.
336 ## - CONTENT TYPE
Source rdacontent
Content type term text
337 ## - MEDIA TYPE
Source rdamedia
Media type term unmediated
338 ## - CARRIER TYPE
Source rdacarrier
Carrier type term volume
502 ## - DISSERTATION NOTE
Dissertation note Thesis
Degree type Bachelor of Science in Business Administration Major in Marketing Management
Name of granting institution University of Rizal System, Binangonan
Year degree granted 2018
504 ## - BIBLIOGRAPHY, ETC. NOTE
Bibliography, etc Includes bibliographical references.
700 ## - ADDED ENTRY--PERSONAL NAME
9 (RLIN) 1530
Personal name Ramos, Claire D.
Relator term author
700 ## - ADDED ENTRY--PERSONAL NAME
9 (RLIN) 1531
Personal name San Juan, Rence Ivan DJ
Relator term auhtor
700 ## - ADDED ENTRY--PERSONAL NAME
9 (RLIN) 1532
Personal name Carmina G. Taule, RGc., RPm., LPT
Relator term adviser
942 ## - ADDED ENTRY ELEMENTS (KOHA)
Source of classification or shelving scheme Library of Congress Classification
Koha item type Theses and dissertations
Holdings
Withdrawn status Source of classification or shelving scheme Damaged status Not for loan Home library Current library Date acquired Total Checkouts Barcode Date last seen Price effective from Koha item type
  Library of Congress Classification     Binangonan College Library Binangonan College Library 06/02/2022   URSBIN-UGT2117 06/02/2022 06/02/2022 Theses and dissertations

University of Rizal System
Email us at univlibservices@urs.edu.ph

Visit our Website www.urs.edu.ph/library